000 00506nam a2200181Ia 4500
999 _c8938
_d8938
003 OSt
005 20201008105326.0
008 190216s9999||||xx |||||||||||||| ||und||
020 _a8126504943
040 _coclc
082 _a005.72
_bLOW/D
100 _aLowery, Joseph W
_95442
245 0 _aDreamweaver MX 2004 Bible /
_cJoseph W Lowery
260 _bWiley India,
_aNew Delhi:
_c2005.
300 _a1177p
650 _aComputer
942 _cBK
_2ddc
_h005.72
_iLOW/D
_k005.72
_mLOW/D